|
|
|
|
| LEADER |
00000nam a2200000 a 4500 |
| 001 |
vtls001369648 |
| 003 |
SK-MaSNL |
| 005 |
20260301201303.0 |
| 008 |
240316s1999 xo 0 slo |
| 015 |
|
|
|a SNBG1999/03-01520
|
| 020 |
|
|
|a 8088763657
|
| 035 |
|
|
|a SNK000323390
|
| 040 |
|
|
|a SNK
|b slo
|c SNK
|e AACR2
|
| 041 |
0 |
|
|a slo
|
| 044 |
|
|
|a xo
|c SK
|
| 080 |
|
|
|a 372.3:372.874:087.5(084.11)
|2 1981
|
| 080 |
|
|
|a 372.874
|2 1981
|
| 080 |
|
|
|a 087.5
|2 1981
|
| 100 |
1 |
|
|a Balázsy, Géza,
|d 1959-
|4 aut
|9 88598
|
| 245 |
1 |
|
|a Malá škola kreslenia
|h grafika
|c námety a kresby: Gejza Balázsy
|
| 260 |
|
|
|a Bratislava
|b Vydavateľstvo AB-ART
|c 1999
|
| 300 |
|
|
|a [16] s.
|c 21x30 cm
|
| 650 |
0 |
7 |
|a kreslenie
|x deti predškolského veku
|x zošity pracovné
|2 SNK
|9 581659
|
| 919 |
|
|
|a 80-88763-65-7
|
| 958 |
|
|
|a GPZ
|
| 958 |
|
|
|a TL
|
| 958 |
|
|
|a DB
|
| 958 |
|
|
|a UO
|
| 999 |
|
|
|c 894104
|d 896034
|
| 952 |
|
|
|t P60, <03>, [BOOK], {603}
|a SNK
|b SNK
|y PREZ
|7 0
|p 17A0203817
|o snkOSD 7643
|i snkKSP 8252/99
|0 0
|1 0
|4 0
|d 1999-08-09
|l 0
|r 2005-01-02 00:00:00
|w 2026-02-24
|
| 952 |
|
|
|t P60, <04>, [BOOK], {604}
|a SNK
|b SNK
|y VYP
|7 0
|p 17A0203818
|o snkOSD 7643 D1
|i snkKSP 8253/99
|0 0
|1 0
|4 0
|d 1999-08-09
|l 0
|r 2005-01-02 00:00:00
|w 2026-02-24
|